Social causation /

Bibliographic Details
Main Author: MacIver, Robert M. (Robert Morrison), 1882-1970
Format: Book
Language:English
Published: New York : Harper & Row, 1964.
Series:Harper torchbooks
Subjects:

MARC

Tag First Indicator Second Indicator Subfields
LEADER 00000cam a2200000 a 4500
001 in00000087243
005 20151008062848.0
008 720412r1964 nyu b 00110 engm
010 |a  65004484  
035 |a (OCoLC)00282302 
035 |9 AAK1088AM 
040 |a DLC  |c CSU  |d SER  |d TXA  |d UtOrBLW 
049 |a TXAM  |c [1197144] 
050 0 0 |a H61  |b  M415 1965 
082 0 |a 300.18 
100 1 |a MacIver, Robert M.  |q (Robert Morrison),  |d 1882-1970. 
245 1 0 |a Social causation /  |c R.M. MacIver. 
264 1 |a New York :  |b Harper & Row,  |c 1964. 
300 |a xv, 415 pages ;  |c 21 cm. 
336 |a text  |b txt  |2 rdacontent 
337 |a unmediated  |b n  |2 rdamedia 
338 |a volume  |b nc  |2 rdacarrier 
490 0 |a Harper torchbooks 
500 |a Reprint. Originally published: 1942. 
500 |a Includes index. 
504 |a Bibliography: pages 394-401. 
650 0 |a Causation. 
650 0 |a Social sciences  |x Methodology. 
999 |a MARS 
999 f f |s 286989f9-7776-3c75-a7a3-9386b285a637  |i c69821a1-8eda-3620-9a7d-06325c553d16  |t 0 
952 f f |p ric  |a Texas A&M University  |b Rellis Campus  |c Joint Library Facility  |d Remote Storage  |t 0  |e H61 M415 1965  |h Library of Congress classification  |i unmediated -- volume  |m A14805981737 
998 f f |a H61 M415 1965  |t 0  |l Remote Storage